| 000 | 01296nam0a22002651 4500 | ||
|---|---|---|---|
| 001 | rc\3807015 | ||
| 005 | 20260407125945.0 | ||
| 021 |
_aRU _b[76-35627] |
||
| 035 | _a(NLR Aleph) 007263604 | ||
| 090 |
_a5333808 _c5333808 |
||
| 100 | _a20260119 rusy50 | ||
| 101 | 0 | _arus | |
| 102 | _aRU | ||
| 105 | _aa z ||||| | ||
| 200 | 1 |
_aЭкономическая эффективность сельскохозяйственного производства Восточной Сибири _e[Сборник статей] _fИркут. с.-х. ин-т _g[Ред. коллегия: канд. экон. наук П.К. Белобородов и др.] |
|
| 210 |
_aИркутск _cИркут. с.-х. ин-т _d1975 (вып. дан. 1976) |
||
| 215 |
_a183 с., 3 л. табл. _cграф. _d20 |
||
| 606 |
_aЭкономическая эффективность сельскохозяйственного производства _yВосточная Сибирь _2psbo |
||
| 702 | 1 |
_aБелобородов _bП.К. _gПетр Корнилович _4340 |
|
| 712 | 0 | 2 |
_aИркутский сельскохозяйственный институт _3RU\NLR\AUTH\889973039 _9442526 |
| 801 | 0 |
_aRU _bNLR _gpsbo |
|
| 801 | 1 |
_aRU _bELAR _2rusmarc |
|
| 852 |
_aNLR _j76-3/6553 |
||
| 942 | _cBOOK | ||
| 980 | _aNB | ||